Diseño automático de presión de agua para el control de varias bombas eléctricas utilizando el PLC 230RC
Presenta una propuesta de diseño que minimizará los riesgos y el factor de error humano, agilizando y controlando la operación de los equipos para el buen funcionamiento de dichos procesos dentro de la estación de bombeo que permita automatizar el sistema de bombeo.
| Main Authors: | , |
|---|---|
| Other Authors: | |
| Format: | Tesis Section = Libro |
| Language: | Undetermined Spanish |
| Published: |
Managua
UNI
2019
|
| Subjects: |
| LEADER | 01114nam a2200265Ia 4500 | ||
|---|---|---|---|
| 008 | 240830s9999 xx 000 0 und d | ||
| 040 | |a BIBLIOTECA-RUSB/ Mon 621.252 A174 | ||
| 041 | |a spa | ||
| 082 | |a Mon 621.252 A174 | ||
| 100 | 1 | |a Acevedo Chavarría, Jorge Emilio | |
| 100 | 1 | |b Narváez Duarte, Deyvi Areyson | |
| 245 | 1 | 0 | |a Diseño automático de presión de agua para el control de varias bombas eléctricas utilizando el PLC 230RC |
| 260 | |a Managua |b UNI |c 2019 | ||
| 300 | |a 36 p. :il. | ||
| 500 | |a Contiene: anexos y CD. | ||
| 502 | |a Tesis (Ingeniero Eléctrico) - UNI, 2019. | ||
| 520 | 3 | |a Presenta una propuesta de diseño que minimizará los riesgos y el factor de error humano, agilizando y controlando la operación de los equipos para el buen funcionamiento de dichos procesos dentro de la estación de bombeo que permita automatizar el sistema de bombeo. | |
| 650 | 7 | |a BOMBAS ELECTRICAS | |
| 650 | 7 | |b RED HIDRAULICA | |
| 650 | 7 | |c SISTEMA HIDRONEUMATICO | |
| 650 | 7 | |d DISEÑO ELECTRICO | |
| 700 | 1 | |a Tutor: |b Chavarría, Sandro | |
| 942 | |c BK |2 ddc | ||
| 991 | |a TESIS | ||
| 999 | |c 20050 | ||